[Event "Poznan op 22nd"]
[Site "Poznan"]
[Date "2014.08.16"]
[Round "9"]
[White "Raczynski, Krzysztof"]
[Black "Huchwajda, Grzegorz"]
[Result "1-0"]
[WhiteElo "1835"]
[BlackElo "1524"]
[PlyCount "27"]
[EventDate "2014.08.09"]
[EventType "swiss"]
[EventRounds "9"]
[EventCountry "POL"]
[SourceTitle "CBM 161 Extra"]
[Source "ChessBase"]
[SourceDate "2014.08.29"]
[SourceVersion "1"]
[SourceVersionDate "2014.08.29"]
[SourceQuality "1"]

1. e4 c5 2. Nf3 e6 3. d4 cxd4 4. Nxd4 a6 5. Bd3 Nf6 6. 0-0 Qc7 7. Qe2 d6 8. c4 Nc6 9. Nxc6 Qxc6 10. Nc3 Be7 11. f4 0-0 12. Kh1 b6 13. e5 Nd7 14. Be4 1-0

[Event "Poznan op 22nd"]
[Site "Poznan"]
[Date "2014.08.14"]
[Round "7"]
[White "Duszczak, Dariusz"]
[Black "Huchwajda, Grzegorz"]
[Result "1-0"]
[WhiteElo "1921"]
[BlackElo "1524"]
[PlyCount "75"]
[EventDate "2014.08.09"]
[EventType "swiss"]
[EventRounds "9"]
[EventCountry "POL"]
[SourceTitle "CBM 161 Extra"]
[Source "ChessBase"]
[SourceDate "2014.08.29"]
[SourceVersion "1"]
[SourceVersionDate "2014.08.29"]
[SourceQuality "1"]

1. e4 c5 2. c3 d5 3. exd5 Qxd5 4. d4 Nc6 5. Nf3 Bf5 6. Be2 Nf6 7. 0-0 e6 8. Qa4 a6 9. dxc5 Bxc5 10. b4 Ba7 11. c4 Qe4 12. Nc3 Qc2 13. Qa3 Bg4 14. Bf4 0-0 15. Bd6 Rfe8 16. Rad1 Qg6 17. Qb2 Rad8 18. c5 Bb8 19. Bxb8 Rxb8 20. a4 Bh3 21. Nh4 Qg5 22. Rd3 Qxh4 23. Rxh3 Qxb4 24. Qxb4 Nxb4 25. Rb1 a5 26. Nb5 Ne4 27. Rc1 Rec8 28. Rh5 b6 29. Rc4 Rxc5 30. Rxe4 Rxh5 31. Bxh5 Rc8 32. g3 Kf8 33. Kg2 Ke7 34. Bf3 Rc6 35. Bh5 g6 36. Bf3 Rc5 37. Nd4 e5 38. Nb3 1-0

[Event "Poznan op"]
[Site "Poznan"]
[Date "1996.??.??"]
[Round "6"]
[White "Debowiak, Marcin"]
[Black "Huchwajda, Grzegorz"]
[Result "1-0"]
[WhiteElo "1800"]
[BlackElo "1800"]
[PlyCount "75"]
[EventDate "1996.??.??"]
[EventType "swiss"]
[EventRounds "9"]
[EventCountry "POL"]
[SourceTitle "EXT 2006"]
[Source "ChessBase"]
[SourceDate "2005.11.24"]
[SourceVersion "1"]
[SourceVersionDate "2005.11.24"]
[SourceQuality "1"]

1. e4 c5 2. Nc3 e6 3. g3 d5 4. exd5 exd5 5. Bg2 Nf6 6. Nge2 Nc6 7. 0-0 Be7 8. d3 0-0 9. Re1 Bg4 10. h3 Bf5 11. g4 Be6 12. f4 g6 13. Ng3 d4 14. Nce4 Qc7 15. Qf3 Rad8 16. Qf2 Rfe8 17. Nxf6+ Bxf6 18. Ne4 Bg7 19. f5 gxf5 20. gxf5 Bc8 21. f6 Bf8 22. Bf4 Qd7 23. Nxc5 Qf5 24. Ne4 Qh5 25. Kh2 Kh8 26. Ng5 h6 27. Bf3 Qg6 28. Ne4 Ne5 29. Bxe5 Rxe5 30. Rg1 Qh7 31. Rg3 Bf5 32. Rag1 Bg6 33. h4 Rxe4 34. dxe4 Bd6 35. Kh1 Bxg3 36. Qxg3 Qg8 37. h5 Bh7 38. Qf4 1-0

[Event "Poznan op"]
[Site "Poznan"]
[Date "1996.??.??"]
[Round "2"]
[White "Huchwajda, Grzegorz"]
[Black "Grujic, Matej"]
[Result "0-1"]
[WhiteElo "1800"]
[BlackElo "2145"]
[PlyCount "64"]
[EventDate "1996.??.??"]
[EventType "swiss"]
[EventRounds "9"]
[EventCountry "POL"]
[SourceTitle "EXT 2006"]
[Source "ChessBase"]
[SourceDate "2005.11.24"]
[SourceVersion "1"]
[SourceVersionDate "2005.11.24"]
[SourceQuality "1"]

1. e4 g6 2. d4 Bg7 3. Nc3 d6 4. Bg5 c5 5. Nge2 Qa5 6. dxc5 Nc6 7. Qd2 dxc5 8. Nd5 Nb4 9. c3 Nxd5 10. Qxd5 e6 11. Qd6 Qb6 12. Qd2 Nf6 13. 0-0-0 0-0 14. f3 Qa5 15. Kb1 b5 16. Nc1 c4 17. Be2 Bb7 18. Qe3 Qc7 19. Bf4 e5 20. Bg5 a5 21. g4 b4 22. Bxf6 Bxf6 23. g5 Be7 24. h4 Ba6 25. h5 a4 26. hxg6 fxg6 27. Qd2 Rad8 28. Qe1 Rb8 29. Qh4 Rf7 30. cxb4 Rxb4 31. a3 Rb8 32. Ka2 Qb6 0-1

[Event "Poznan op"]
[Site "Poznan"]
[Date "1996.??.??"]
[Round "3"]
[White "Sygula, J."]
[Black "Huchwajda, Grzegorz"]
[Result "1-0"]
[WhiteElo "2000"]
[BlackElo "1800"]
[PlyCount "93"]
[EventDate "1996.??.??"]
[EventType "swiss"]
[EventRounds "9"]
[EventCountry "POL"]
[SourceTitle "EXT 2006"]
[Source "ChessBase"]
[SourceDate "2005.11.24"]
[SourceVersion "1"]
[SourceVersionDate "2005.11.24"]
[SourceQuality "1"]

1. e4 c5 2. Nf3 e6 3. d4 cxd4 4. Nxd4 Nf6 5. Bd3 Nc6 6. Nb3 d5 7. exd5 Qxd5 8. 0-0 Be7 9. Nc3 Qd7 10. Qe2 a6 11. Rd1 Qc7 12. Bg5 0-0 13. a4 b6 14. Bc4 Rd8 15. Rxd8+ Qxd8 16. Rd1 Qc7 17. Nd4 Nxd4 18. Rxd4 e5 19. Bxf6 Bxf6 20. Nd5 Qc5 21. Nxf6+ gxf6 22. Rd8+ Kg7 23. b4 Qxb4 24. h3 Qxa4 25. Rxc8 Rxc8 26. Qg4+ Kh6 27. Qxc8 Qxc2 28. Qf8+ Kg5 29. Bxa6 Qb1+ 30. Bf1 Qg6 31. Qb4 Qh5 32. Qxb6 Kg6 33. Qe3 Kg7 34. Be2 Qf5 35. Bf3 Qb1+ 36. Kh2 Qb6 37. g3 Qb2 38. Kg2 Qb4 39. Be4 Qb8 40. Qf3 Qh8 41. Qf5 Kh6 42. h4 Kg7 43. Kh3 h6 44. Qg4+ Kf8 45. Qc8+ Kg7 46. Qxh8+ Kxh8 47. Kg4 1-0